LDR 00746naa#a2200205#i#450# 001 EN\\bibl\123389 005 20260706005443.1 011 ## _a1994-4683 100 ## _a20230731b2023####ek#y0engy0150####ca 102 ## _aRU 200 1# _aTHE DURATION OF THE BALL'S FLIGHT AND THE MOST AFFECTED AREAS OF THE VOLLEYBALL FIELD BY SERVES IN TYPICAL GAME SITUATIONS _eJournal article 210 1# _aMoscow _cNational State University of Physical Education, Sports and Health named after P.F. Lesgaft _d2023 215 ## _a3 с. 608 ## _aJournal article _2local 675 ## _aВолейбол. 796.325 _z 700 #1 _aKareva _gYuliya Yur'evna 700 #1 _aPostoyan _gA I 700 #1 _aMezhman _gIgor' Francevich 700 #1 _aKononova _gO V 856 4# _auchzapiski.lesgaft.spb.ru _u